| 000 | 00829cam a2200265 a 4500 | ||
|---|---|---|---|
| 005 | 20260322212027.0 | ||
| 008 | data | ||
| 010 | _a 81012679 | ||
| 020 | _a0517318954 | ||
| 020 | _a9780517318959 | ||
| 040 |
_aDLC _cDLC _dDLC |
||
| 043 | _an-us-la | ||
| 050 | 0 | 0 |
_aF379.N543 _bH8 1981 |
| 082 | 0 | 0 |
_a976.3/35 _219 |
| 092 | _a917.63 H8 1981 | ||
| 100 | 1 |
_aHuber, Leonard Victor, _d1903- |
|
| 245 | 1 | 0 |
_aNew Orleans : _ba pictorial history / _cLeonard Victor Huber. |
| 260 |
_aNew York : _bDistributed by Crown Publishers, _bDistributed by Crown Publishers, _c1981, c1971. |
||
| 300 |
_axi, 370 p. : _bill., ports. ; _c28 cm. |
||
| 500 | _aIncludes index. | ||
| 504 | _aBibliography: p. 357-361. | ||
| 651 | 0 |
_aNew Orleans (La.) _xPictorial works. _xPictorial works. |
|
| 651 | 0 |
_aNew Orleans (La.) _xPictorial works. |
|
| 001 | data | ||
| 999 |
_c613 _d613 |
||